000
00287nam a2200109Ia 4500
008
201217s9999 xx 000 0 und d
100
_a
Datta, A. K.
245
0
_a
Integrated Materials Management : A Functional Approach
260
_a
New Delhi
_b
Prentice hall
300
_a
380
942
_c
BK
999
_c
7629
_d
7629